000 01020nam2a2200241 4500
001 RU\NLR\bibl\19720
005 20250615014518.0
035 _a(NLR Aleph) 000019220
090 _a85918
_c85918
100 _a19990402d1998 |||y0rusy50 ca
101 0 _arus
102 _aRU
105 _a|||||||||||||
200 0 _aN 3
_f[Меркин Г.С., Богданова О.Ю.]
210 _d1998
_aБ. м.
215 _a[1],72 с.
_cил.
461 0 _1001RU\NLR\bibl\23394
_12001#$aЛитература$v...N 3
_9106836
_cМ.
_d1998
_nВентана-Граф
_oРабочая тетр....[ для 5 кл. : Дидакт. и метод. материалы : (К Хрестоматии для общеобразоват. учеб. заведений "В мире литературы" : В 3 рабочих тетр.]
_tЛитература
_v...N 3
801 0 _aRU
_bNLR
_c19990402
_gPSBO
801 1 _aRU
_bNLR
_c19990402
852 _aNLR
_j98-6/2305
942 _cBOOK
980 _aNB